000
00365nam a22001217a 4500
040
_c
SY
082
_a
234
100
_a
ហ៊ីង ធីតា
245
_a
Non-farm activities development, ការអភិវឌ្ឍន៍សកម្មភាពមិនមែនកសិកម្ម
260
_a
RUA
_b
ហ៊ីង
_c
2008
300
_a
26p.
942
_c
KB
999
_c
10091
_d
10091